| 000 | 00410nam a2200145Ia 4500 | ||
|---|---|---|---|
| 008 | 230411s9999 xx 000 0 und d | ||
| 020 | _a978-81-317-2057-8 | ||
| 041 | _aeng | ||
| 082 | _aPH/615.1/TUR/B06872 | ||
| 100 |
_aTurley Susan _9179286 |
||
| 245 | _aUnderstanding Pharmacology for Health Professionals | ||
| 260 |
_bPearson Education _aNew Delhi _c2008 |
||
| 300 | _a562p | ||
| 999 |
_c157136 _d157136 |
||